IFLA principles for the care and handling of library materials/ (Record no. 6655)

000 -LEADER
fixed length control field 00751nam a22001817a 4500
005 - DATE AND TIME OF LATEST TRANSACTION
control field 20240612090255.0
008 - FIXED-LENGTH DATA ELEMENTS--GENERAL INFORMATION
fixed length control field 220524b ||||| |||| 00| 0 eng d
040 ## - CATALOGING SOURCE
Transcribing agency SSUL
082 ## - DEWEY DECIMAL CLASSIFICATION NUMBER
Edition number 23
Classification number 025.84
110 ## - MAIN ENTRY--CORPORATE NAME
Corporate name or jurisdiction name as entry element International Federation of Library Associations and Institutions
9 (RLIN) 5546
245 ## - TITLE STATEMENT
Title IFLA principles for the care and handling of library materials/
Statement of responsibility, etc. International Federation of Library Associations and Institutions, compiled and edited by Edward P. Adcock.
260 ## - PUBLICATION, DISTRIBUTION, ETC.
Place of publication, distribution, etc. Hague :
Name of publisher, distributor, etc. IFLA,
Date of publication, distribution, etc. [2000]
300 ## - PHYSICAL DESCRIPTION
Other physical details 72 pages : illustration ;
Dimensions 30 cm.
440 ## - SERIES STATEMENT/ADDED ENTRY--TITLE
Title International Preservation Issue :
Number of part/section of a work no. 1
9 (RLIN) 5547
650 ## - SUBJECT ADDED ENTRY--TOPICAL TERM
Topical term or geographic name entry element Library resources --
General subdivision conservation and restoration
9 (RLIN) 5548
700 ## - ADDED ENTRY--PERSONAL NAME
Personal name Adcock, Edward P.
9 (RLIN) 5549
942 ## - ADDED ENTRY ELEMENTS (KOHA)
Source of classification or shelving scheme
Koha item type Books (Long term)
Holdings
Withdrawn status Lost status Source of classification or shelving scheme Damaged status Not for loan Collection code Permanent Location Current Location Shelving location Date acquired Total Checkouts Full call number Barcode Date last seen Price effective from Koha item type Accession
          English Collection Shan State Buddhist University Library Shan State Buddhist University Library English Shelves 24/05/2022   025.84 In 18101 (1) EB00018101 01/05/2026 24/05/2022 Books (Long term) 18101
          English Collection Shan State Buddhist University Library Shan State Buddhist University Library English Shelves 24/05/2022   025.84 In 18102 (2) EB00018102 01/05/2026 24/05/2022 Books (Long term) 18102

Library - 09407999929
Admin Office - 09407999979
Dean Office - 09250910768
Registrar Office - 09892297154
Email - [email protected]
Shan State Buddhist University, Phaya Phyu Taunggyi, Shan State, Myanmar.